|
|
|
|
| LEADER |
00000nam a2200000 a 4500 |
| 001 |
UCH9677 |
| 003 |
CL-VaPUC |
| 008 |
100121e19930000SP |||||||||||||||||spa|d |
| 020 |
|
|
|a 8447701603
|
| 082 |
0 |
4 |
|a 401.41
|b SER
|2 21
|
| 100 |
0 |
|
|a Serrano Pastor, Francisca José
|e author
|9 546908
|
| 700 |
0 |
|
|a Fuentes Pérez, Patricio
|e author
|9 546909
|
| 700 |
|
|
|a Hernández Pina, Fuensanta
|e author
|9 551500
|
| 700 |
0 |
|
|a Iglesias Verdegay, Enrique
|e author
|9 546911
|
| 245 |
1 |
0 |
|a Análisis de contenido y analisis transaccional: dos métodos aplicados al estudio de los graffiti
|
| 250 |
|
|
|a 1a. ed
|
| 300 |
|
|
|a 181 p
|
| 942 |
|
|
|c BK
|
| 945 |
|
|
|d 20100121 00:00:00
|a rbrito
|
| 260 |
|
|
|a Murcia
|b DM
|c 1993
|
| 650 |
|
0 |
|a Análisis de contenido
|9 318914
|
| 650 |
|
0 |
|a Análisis transaccional
|9 269291
|
| 650 |
|
7 |
|a GRAFFITI
|2 CL-VaPUC
|9 527849
|
| 650 |
|
0 |
|a Murales
|9 367491
|
| 650 |
|
7 |
|a ESCRITURA MANUSCRITA
|2 CL-VaPUC
|9 336432
|
| 583 |
|
|
|a last modification
|c 20100121 00:00:00
|k Rodrigo Vera
|
| 999 |
|
|
|c 339594
|d 339592
|
| 952 |
|
|
|0 0
|1 0
|4 0
|6 401_410000000000000_SER_1993
|7 0
|8 A
|9 433317
|a BIBEDU
|b BIBEDU
|d 2019-11-22
|i 4633121
|o 401.41 SER 1993
|p 4633121
|r 2019-11-22
|w 2019-11-22
|y BK
|k EPE
|
| 952 |
|
|
|0 0
|1 0
|4 0
|6 401_410000000000000_SER_1993
|7 0
|8 A
|9 433318
|a BIBEDU
|b BIBEDU
|d 2019-11-22
|i 463313K
|o 401.41 SER 1993
|p 463313K
|r 2019-11-22
|w 2019-11-22
|y BK
|k EPE
|